| 000 | 00506nam a2200181Ia 4500 | ||
|---|---|---|---|
| 005 | 20250603145358.0 | ||
| 008 | 250603s9999 xx 000 0 und d | ||
| 020 | _a9781774913628 | ||
| 050 | _aR 855.3 .M63/ | ||
| 100 | _aEdited by Ahmad, Sheikh Umar | ||
| 245 | 0 | _aModern biotechnology in healthcare : advances and applications | |
| 260 | _aPalm Bay, FL | ||
| 260 | _b Apple Academic Press | ||
| 260 | _c2024 | ||
| 300 | _axxii, 237 p. : ill. ; 23 cm. | ||
| 650 | _aPalm Bay, FL | ||
| 942 | _cBK | ||
| 999 |
_c41687 _d41687 |
||